LEADER 00514nab a2200145 i 4500 001 000000283764 003 CaOOAMICUS 005 20180831165243.0 008 180831n xx uu u0 0und r 013 $a36932 040 $aSeMil$bita 245 10$aDossier :$bTradizione e tradizioni, ieri e oggi. - Titolo dalla copertina. 500 $aFebbraio 1993. 773 0 $t1992-1993.$dBologna : EDB, 1993.$w()238569 996 $6245$aDossier :$bTradizione e tradizioni, ieri e oggi. - Titolo dalla copertina$9(OLS)http://semarc/title/365151 LEADER 00430nab a2200145 i 4500 001 000000285854 003 CaOOAMICUS 005 20180831165321.0 008 180831n xx uu u0 0und r 013 $a39406 040 $aSeMil$bita 245 10$a[SENZA TITOLO]. - 17 p. 500 $a2006 [Ottobre-Dicembre 2005]. 773 0 $t[2005-2009].$dRoma : [s.n.], 2009.$w()240589 996 $6245$a[SENZA TITOLO]. - 17 p.$9(OLS)http://semarc/title/366416